000 00866nam a2200217Ii 4500
003 JO-AjNU
008 230605s9999||||xx |||||||||||||| ||und||
017 _a2010/9/3380
040 _aJO-AjNU
_bara
_erda
_cJO-AjNU
041 _aara
050 1 4 _aBF637.2011
100 3 _aنادية،بعيبع محمد ، اسماعيلي،يامنه عبد القادر,
_eauthor
_930314
245 0 0 _aالإرشاد النفسي ودوره في علاج المدمنين على المخدرات
250 _aالطبعة العربية
264 3 1 _aعمان:دار اليازوري العلمية للنشر والتوزيع ،2011
300 _a160ص
336 _atext
_btxt
_2rdacontent
337 _aunmediated
_bn
_2rdamedia
338 _avolume
_bnc
_2rdacarrier
650 4 _aالارشاد النفسي-الادمان على المخدرات-العلاج
_930315
999 _aA12002
_c15570
_d15570